|
|
|
|
| LEADER |
02757nam a2200625 4500 |
| 001 |
DLU110120450 |
| 005 |
##20110504 |
| 007 |
##t| |
| 008 |
##870730d19891996njuar r 0 a0eng c |
| 010 |
# |
# |
|a 91657725
|z sn 87001938
|
| 022 |
# |
# |
|a 0894-9387
|l 0894-9387
|2 1
|
| 035 |
# |
# |
|a (OCoLC)ocm16319404
|
| 037 |
# |
# |
|b Peterson's Guides, P.O. Box 2123, Princeton, NJ 08543-2123
|
| 040 |
# |
# |
|a NSDP
|c NSDP
|d NST
|d InU
|d MH
|d DNAL
|d WaU
|d NST
|d MH
|d WaU
|d NST
|d DLC
|d NSDP
|d NST
|d N
|d NST
|d DLC
|d NST
|d InU
|d CLU
|d N
|d NSDP
|d OCoLC
|d NWhpW
|d OCoLC
|
| 042 |
# |
# |
|a nsdp
|a pcc
|
| 043 |
# |
# |
|a n-us---
|a n-cn---
|
| 070 |
# |
# |
|a L901.P474
|
| 072 |
# |
# |
|a X600
|
| 072 |
# |
# |
|a X800
|
| 082 |
# |
# |
|a 378.025 73
|b Pet
|
| 210 |
# |
# |
|a Peterson's guide grad. programs eng. appl. sci.
|
| 222 |
# |
# |
|a Peterson's guide to graduate programs in engineering and applied sciences
|
| 245 |
# |
# |
|a Peterson's guide to graduate programs in engineering and applied sciences.
|n t.V
|
| 246 |
# |
# |
|a Peterson's graduate programs in engineering & applied sciences
|
| 246 |
# |
# |
|a Graduate programs in engineering and applied sciences
|
| 246 |
# |
# |
|a Guide to graduate programs in engineering and applied sciences
|
| 260 |
# |
# |
|a Princeton, N.J. :
|b Peterson's Guides,
|c c1988-c1996.
|
| 300 |
# |
# |
|a 1497 p. ;
|c 28 cm.
|
| 310 |
# |
# |
|a Annual
|
| 362 |
# |
# |
|a 23rd ed. (1989)-30th ed. (1996).
|
| 500 |
# |
# |
|a Issue for 1989 has on spine: "Peterson's annual guides."
|
| 650 |
# |
# |
|a Engineering
|x Study and teaching (Graduate)
|z Canada
|v Directories.
|
| 650 |
# |
# |
|a Engineering
|x Study and teaching (Graduate)
|z United States
|v Directories.
|
| 650 |
# |
# |
|a Technical education
|z Canada
|v Directories.
|
| 650 |
# |
# |
|a Technical education
|z United States
|v Directories.
|
| 650 |
# |
# |
|a Universities and colleges
|z Canada
|x Graduate work
|v Directories.
|
| 650 |
# |
# |
|a Universities and colleges
|z United States
|x Graduate work
|v Directories.
|
| 710 |
# |
# |
|a Peterson's Guides, Inc.
|
| 780 |
# |
# |
|t Peterson's annual guides/graduate study. Book 5, Graduate programs in engineering and applied sciences
|x 0887-8617
|w (DLC) 86642942
|w (OCoLC)10315880
|
| 785 |
# |
# |
|t Peterson's graduate programs in engineering & applied sciences
|x 1097-1068
|w (DLC)sn 97017030
|w (OCoLC)35868482
|
| 830 |
# |
# |
|a Peterson's annual guides/graduate study ;
|v book 5.
|
| 850 |
# |
# |
|a AAP
|a AzTeS
|a CU-I
|a CU-Riv
|a CU-RivP
|a DLC
|a DNAL
|a DeU
|a ICU
|a IaCfT
|a InU
|a LU
|a MH-Ed
|a MH-Hi
|a MoKU
|a MoSU
|a MoU
|a MoSW
|a N
|a NBuU-R
|a NNC
|a NRU
|a NcD
|a NcU
|a NjP
|a NjR
|a NmU
|a OCU
|a OU
|a OrU
|a OrU-S
|a PU
|a RPB
|a ViBlbV
|a ViU
|a WaU
|
| 923 |
# |
# |
|a 01/2011NN
|
| 990 |
# |
# |
|a t.V
|
| 991 |
# |
# |
|a SH
|
| 992 |
# |
# |
|a 0
|
| 993 |
# |
# |
|a 1996
|
| 994 |
# |
# |
|a KNN
|
| 900 |
# |
# |
|a True
|
| 911 |
# |
# |
|a Nguyễn Thanh Hương
|
| 925 |
# |
# |
|a G
|
| 926 |
# |
# |
|a A
|
| 927 |
# |
# |
|a SH
|
| 980 |
# |
# |
|a Thư viện Trường Đại học Đà Lạt
|